000 01117nam a22002777a 4500
999 _c116705
_d116705
003 0
005 20181003140428.0
008 0
010 _aA-965961
020 _c125.00
035 _aA-965961, A-965969
037 _bCen Lib/Ret
040 _aDPL
_bHN
_c0
082 _a
_bअब्बासी
100 _aअब्बासी, शहीद अब्बास
_943519
245 _aखिलाड़ी और खिलाड़ी /
_cशहीद अब्बास अब्बासी
246 _aKhiladi aur khiladi /
_bby Shahid Abbas Abbasi
260 _aनई दिल्ली
_bहिंदी बुक सेंटर
_c1998
270 _bनई दिल्ली
_a4/5-बी, असफ अली रोड
_e110002
300 _a148पृ.
_c22सेमी (सजिल्द)
650 _aहिन्दी साहित्य
_967869
650 _aहिन्दी साहित्य -- कहानियां
_967870
650 _aHindi literature
_967871
650 _aHindi literature -- Stories
_967872
942 _2ddc
_cHN
_h
_mअब्बासी